Normal view
MARC view
- Savvas, Antony.
Entry Personal Name
001 - CONTROL NUMBER
- control field: 45162
003 - CONTROL NUMBER IDENTIFIER
- control field: OSt
005 - DATE AND TIME OF LATEST TRANSACTION
- control field: 20220519143648.0
008 - FIXED-LENGTH DATA ELEMENTS
- fixed length control field: 220519|| aca||aabn | a|a d
040 ## - CATALOGING SOURCE
- Original cataloging agency: OSt
- Transcribing agency: OSt
100 ## - HEADING--PERSONAL NAME
- Personal name: Savvas, Antony.
670 ## - SOURCE DATA FOUND
- Source citation: Work cat.: (OSt): Savvas, Antony., Businesses urged to focus on mobile support/, ©2010-2011.
